Filosofía de la ciencia : fundamentación del ateísmo /

Ensayo de filosofía de la ciencia desde los fundamentos del materialismo dialéctico e histórico. El autor sustenta sus planteamientos de manera principal en los siete tomos de la obra titulada Historia de la filosofía, publicada por la Academia de Ciencias de la URSS en 1958. La parte final del pres...

Descripción completa

Guardado en:
Detalles Bibliográficos
Autor principal: Grajales Espejo, Sergio (autor)
Formato: Libro
Idioma:Español
Publicado: México : Plaza y Valdés, 2007, c2007
Temas:
Etiquetas: Agrega una etiqueta
Sin etiquetas, Sé el primero en etiquetar este registro!

MARC

LEADER 00000nam^a2200000^a^4500
001 000273103
005 20250521000000.0
009 20260310111119.69
020 |a 978-970-722-633-3 
037 |a Acervo ITESO - Biblioteca 
041 |a ESP 
082 |a 121.  |b GRA 
100 |a Grajales Espejo, Sergio  |e (autor) 
245 1 0 |a Filosofía de la ciencia :  |b fundamentación del ateísmo /  |c S. Grajales Espejo. 
264 4 |a México :  |b Plaza y Valdés,  |c 2007, c2007 
300 |a 268 p. 
336 |a texto  |b txt  |2 rdacontenido 
337 |a sin mediación  |b n  |2 rdamedio 
338 |a volumen  |b nc  |2 rdasoporte 
520 |a Ensayo de filosofía de la ciencia desde los fundamentos del materialismo dialéctico e histórico. El autor sustenta sus planteamientos de manera principal en los siete tomos de la obra titulada Historia de la filosofía, publicada por la Academia de Ciencias de la URSS en 1958. La parte final del presente texto, anexa la biografía de algunos pensadores, en su mayoría filósofos. 
649 |a XX 
650 |a Filósofos -  |x Biografías 
650 |a Materialismo Histórico y Dialéctico 
650 |a Materialismo Histórico y Dialéctico 
650 |a Ateísmo 
650 |a Religión y Ciencia 
650 |a Epistemología -  |x Tema Principal 
910 |a Fondo General 
920 |a Impresos - Libros 
930 |a Colección General 
905 |a 101 
901 |a 0500158780  |b IT1  |c ACC  |u 20250521 
902 |a https://opac.biblio.iteso.mx/vufind/Record/000273103